书目信息 |
| 题名: |
亚太景观规划年鉴
|
|
| 作者: | 张先慧 , 贺云 主编 | |
| 分册: | 3 | |
| 出版信息: | 广州 岭南美术出版社 2007.04 |
|
| 页数: | 293页 | |
| 开本: | 30cm | |
| 丛书名: | ||
| 单 册: | ||
| 中图分类: | TU986.2-54 | |
| 科图分类: | ||
| 主题词: | 园林--规划 , 公园--绿化规划 | |
| 电子资源: | ||
| ISBN: | 7-5362-3474-0 | |
| 000 | 00688nam0 2200229 450 | |
| 001 | 1858670211 | |
| 005 | 20180426161839.76 | |
| 010 | @a7-5362-3474-0@dCNY258.00 | |
| 100 | @a20180426d2007 km y0chiy0120 ea | |
| 101 | 0 | @achi |
| 102 | @aCN@b440000 | |
| 200 | 1 | @a亚太景观规划年鉴@Aya tai jing guan gui hua nian jian@e2007@h3@f张先慧, 贺云主编@Fzhang xian hui,he yun zhu bian |
| 210 | @a广州@c岭南美术出版社@d2007.04 | |
| 215 | @a293页@d30cm | |
| 517 | 1 | @a2007 |
| 606 | 0 | @a园林@x规划 |
| 606 | 0 | @a公园@x绿化规划 |
| 690 | @aTU986.2-54@v4 | |
| 701 | 0 | @a张先慧@Azhang xian hui@4主编 |
| 701 | 0 | @a贺云@Ahe yun@4主编 |
| 801 | 0 | @aCN@bMUSE@c20180426 |
| 905 | @aMUSE@dTU986.2-54@eZ2125:3 | |
| 亚太景观规划年鉴:2007.3/张先慧, 贺云主编.-广州:岭南美术出版社,2007.04 |
| 293页;30cm |
| ISBN 7-5362-3474-0:CNY258.00 |
| ● |
| 相关链接 |
|
|
|
正题名:亚太景观规划年鉴
索取号:TU986.2-54/Z2125:3
 
预约/预借
| 序号 | 登录号 | 条形码 | 馆藏地/架位号 | 状态 | 备注 |
| 1 | 1298755 | 212987552 | 建筑与城市规划学院资料室/ [索取号:TU986.2-54/Z2125:3] | 在馆 |